| 000 | 00419nam a2200169Ia 4500 | ||
|---|---|---|---|
| 008 | 230524s9999 xx 000 0 und d | ||
| 082 |
_a530.092 _bARF |
||
| 100 | _aGeorge B.Arfken | ||
| 245 | 0 | _aMathematical Methods for Physicists | |
| 250 | _a5TH | ||
| 260 |
_aNEW DELHI _bHarcourt P.Ltd _c2001 |
||
| 300 | _a1112 | ||
| 500 | _aQuantity Number: 5 | ||
| 650 | _aPhysics | ||
| 700 | _a Hans J.Weber | ||
| 942 | _cBK | ||
| 999 |
_c16026 _d16026 |
||